| Tag |
First Indicator |
Second Indicator |
Subfields |
| LEADER |
00000cam a2200000 4500 |
| 001 |
in00000665408 |
| 005 |
20151015083026.0 |
| 008 |
800924r19741857miua a 00010aeng d |
| 035 |
|
|
|a (OCoLC)06746130
|
| 035 |
|
|
|9 ACX9932AM
|
| 040 |
|
|
|a EEU
|c TXA
|d UtOrBLW
|
| 049 |
|
|
|a TXAI
|
| 090 |
|
|
|a F865
|b .M3
|
| 099 |
|
|
|a film
|a B
|a 1512
|a reel
|a 601.7
|
| 100 |
1 |
|
|a McGowan, Edward,
|d 1813-1893.
|
| 245 |
1 |
0 |
|a Narrative of Edward McGowan :
|b including a full account of the author's adventures and perils while persecuted by the San Francisco Vigilance Committee of 1856.
|
| 264 |
|
1 |
|a San Francisco :
|b The author,
|c 1857.
|
| 300 |
|
|
|a 240 pages :
|b illustrations
|
| 336 |
|
|
|a text
|b txt
|2 rdacontent
|
| 337 |
|
|
|a microform
|b h
|2 rdamedia
|
| 338 |
|
|
|a microfilm reel
|b hd
|2 rdacarrier
|
| 500 |
|
|
|a Microfilm. Ann Arbor, Mich., Xerox University Microfilms, 1974. 1 reel. 35 mm. (American Culture Series, reel 601.7)
|
| 500 |
|
|
|a Microform.
|
| 610 |
1 |
0 |
|a San Francisco.
|b Committee of Vigilance of 1856.
|
| 650 |
|
0 |
|a Vigilance committees
|z California.
|
| 651 |
|
0 |
|a San Francisco (Calif.)
|x History.
|
| 999 |
|
|
|a MARS
|
| 999 |
f |
f |
|s 24852721-ac72-3daa-8404-ad92e5b19e32
|i dcb86cc3-ae2b-3ed1-baac-8c41651c1455
|t 0
|
| 952 |
f |
f |
|p default
|a Texas A&M University
|b College Station
|c Sterling C. Evans Library
|d Evans: Microforms (3rd floor)
|t 0
|e film B 1512 reel 601.7
|h Other scheme
|i microform -- microfilm reel
|
| 998 |
f |
f |
|a film B 1512 reel 601.7
|t 0
|l Evans: Microforms (3rd floor)
|